| 000 | 01233nam0a2200337 4500 | ||
|---|---|---|---|
| 001 | RU\NLR\BIBL_A\010348362 | ||
| 005 | 20260405224518.0 | ||
| 010 |
_a978-5-9925-0649-5 _92000 |
||
| 021 |
_aRU _b2014-14612 _9938 |
||
| 035 | _a(NILC)RuMoRGB-006746723 | ||
| 035 | _a(NLR Aleph) 010348362 | ||
| 090 |
_a10735359 _c10735359 |
||
| 100 | _a20140428d2014 |||y0rusy50 ca | ||
| 101 | 0 |
_ager _arus |
|
| 102 | _aRU | ||
| 105 | _ay|||z|||000ay | ||
| 200 | 1 |
_aDie Nacht von Lissabon _e[книга для чтения на немецком языке] _fErich Maria Remarque _gкоммент., задания И. О. Ситниковой |
|
| 210 |
_aСанкт-Петербург _cКАРО _d2014 |
||
| 215 |
_a379, [2] с. _d17 |
||
| 225 | 1 |
_aDeutsch _iModerne Prosa |
|
| 333 | _a16+ | ||
| 606 | 1 |
_aНемецкий язык _jКниги для чтения _91063964 _3RU\NLR\AUTH\66413315 |
|
| 686 | 1 | _aШ143.24-93рус91 | |
| 700 | 1 |
_8ger _7ba _aRemarque _bE. M. _f1898-1970 _gErich Maria _3RU\NLR\AUTH\77102595 _985521 |
|
| 801 | 0 |
_aRU _bRuMoRKP _c20110830 _gRCR |
|
| 801 | 2 |
_aRU _bРГБ _c20140227 _grcr |
|
| 801 | 1 |
_aRU _bRuMoRKP _c20110830 _2rusmarc |
|
| 942 | _cBOOK | ||
| 980 | _aNB | ||